LIBRARY & INFORMATION CENTRE, KCAET, TAVANUR

ONLINE PUBLIC ACCESS CATALOGUE (OPAC)

Radio-isotope technics for problem solving in industrial process plants / (Record no. 10318)

MARC details
000 -LEADER
fixed length control field 00439cam a2200157ua 4500
020 ## - INTERNATIONAL STANDARD BOOK NUMBER
ISBN 0 249 44171 3
041 ## - LANGUAGE CODE
Language code of text/sound track or separate title eng
082 ## - DEWEY DECIMAL CLASSIFICATION NUMBER
Classification number 541.388
Item number CHA/RA
100 ## - MAIN ENTRY--AUTHOR NAME
Personal name Chartten, J S .
245 ## - TITLE STATEMENT
Title Radio-isotope technics for problem solving in industrial process plants /
260 ## - PUBLICATION, DISTRIBUTION, ETC. (IMPRINT)
Place of publication Glasgow :
Name of publisher Leonard hill ,
Year of publication 1986.
300 ## - PHYSICAL DESCRIPTION
Number of Pages 320 ; .
942 ## - ADDED ENTRY ELEMENTS (KOHA)
Koha item type Books
Holdings
Withdrawn status Lost status Damaged status Home library Current library Date acquired Full call number Accession Number Koha item type
      KAUAET KAUAET 27/03/1987 541.388 CHA/RA 16232 Books
free website counter